00420 2200169 4500001002100000005001500021035002000036245003300056100001500089250001700104300003200121260003300153082001100186084001700197020002200214650001400236INLIS00000000000044020240630083536 a0010-06240001491 aBudi Daya Tebu /cAhmad Said0 aAhmad Said acetakan ke-1 aiv, 84 hlm :bilus ;c21 cm aJakarta :bAzka Press,c2007 a631.53 a631.53 AHM b a978-979-121-172-7 4aBudi Daya